L'Inici del demà : Mancomunitat de Catalunya : 100 anys : Barcelona : Girona : Lleida : Tarragona Mancomunitat de Catalunya :
Publicado:
Barcelona :
Diputació de Barcelona : Diputació de Girona : Diputació de Tarragona : Diputació de Lleida ,
2014
Descripción Física:
1 f. plegat en 5 parts ; 29 x 14 cm
MARC
| LEADER | 00000nam a2200000Ia 4500 | ||
|---|---|---|---|
| 001 | 23889 | ||
| 008 | 160829s2014 xx 000 0 cat d | ||
| 017 | |a B 8832-2014 | ||
| 080 | |a FU-63-5 | ||
| 245 | |a L'Inici del demà : |b Mancomunitat de Catalunya : |b 100 anys : |b Barcelona : |b Girona : |b Lleida : |b Tarragona | ||
| 260 | |a Barcelona : |b Diputació de Barcelona : |b Diputació de Girona : |b Diputació de Tarragona : |b Diputació de Lleida, |c 2014 | ||
| 300 | |a 1 f. plegat en 5 parts ; |c 29 x 14 cm | ||
| 710 | |a Tarragona (Catalunya : Província). |b Diputació |9 52402 | ||
| 710 | 1 | |a Girona (Catalunya : Província). |b Diputació |9 11479 | |
| 710 | 1 | |a Barcelona (Catalunya : Província). |b Diputació |9 52408 | |
| 710 | 1 | |a Lleida (Catalunya : Província). |b Diputació |9 52948 | |
| 901 | |a Arxiu | ||
| 942 | |n 1 |2 udc | ||
| 952 | |0 0 |1 0 |4 0 |6 FU635 |7 1 |9 55780 |a Arxiu |b Arxiu |d 2016-12-01 |l 0 |o FU-63-5 |p 23889 |r 2016-12-01 00:00:00 |w 2016-12-01 |y ARXIU | ||
| 952 | |0 0 |1 0 |2 udc |4 0 |6 FU7336 |7 1 |9 64255 |a Arxiu |b Arxiu |d 2022-11-21 |l 0 |o FU-73-36 |p 26960 |r 2022-11-21 00:00:00 |w 2022-11-21 |y ARXIU | ||
| 952 | |0 0 |1 0 |2 udc |4 0 |6 PDL |7 1 |9 64256 |a Arxiu |b Arxiu |d 2022-11-21 |l 0 |o PDL |p 26961 |r 2022-11-21 00:00:00 |w 2022-11-21 |y ARXIU | ||
| 999 | |c 59653 |d 59653 | ||